Library of the University of Algiers 3
Ibrahim Sultan Cheibout
شعار جامعة الجزائر 3
مكتبة جامعة الجزائر 3
إبراهيم سلطان شيبوط

نظم المعلومات المحاسبية لاتخاذ القرارات : (رقم التسجيلة. 42843)

تفاصيل مارك
000 -LEADER
fixed length control field 01353nam a2200205Ia 4500
003 - CONTROL NUMBER IDENTIFIER
control field Ost
005 - DATE AND TIME OF LATEST TRANSACTION
control field 20260507075109.0
008 - FIXED-LENGTH DATA ELEMENTS--GENERAL INFORMATION
fixed length control field 260507s9999||||xx |||||||||||||| ||und||
040 ## - CATALOGING SOURCE
Transcribing agency fsecg
041 ## - LANGUAGE CODE
Language code of text/sound track or separate title ara
082 ## - DEWEY DECIMAL CLASSIFICATION NUMBER
Classification number 330
100 ## - MAIN ENTRY--PERSONAL NAME
Personal name أ-ستيفن، موسكوف
Relator term مؤلف
245 #0 - TITLE STATEMENT
Title نظم المعلومات المحاسبية لاتخاذ القرارات :
Remainder of title مفاهيم وتطبيقات /
Statement of responsibility, etc. موسكوف أ-ستيفن
260 ## - PUBLICATION, DISTRIBUTION, ETC.
Place of publication, distribution, etc. الرياض:
Name of publisher, distributor, etc. دار المريخ للنشر,
Date of publication, distribution, etc. 1989
300 ## - PHYSICAL DESCRIPTION
Extent 1003 صفحة؛
Other physical details جداول
Dimensions 24 سم
520 ## - SUMMARY, ETC.
Summary, etc. يهدف هذا الكتاب إلى تحليل دور نظم المعلومات الالمحاسبية في ادارة المنشأت ، وينصب الإهتمام في هذا الكتاب على دراسة الاستخدامات الكومبيوتر في المنشأت عى نظم المعلومات المحاسبية .كما أنه يوفر للمحسب العصري فرصة ادراك وتفهم قدرات وحدود نضم الكوميرتر حتى يستطيع أن يؤدي وظيفة بكفاءة وفعالية عالية باستخدام نظم المعلومات المحاسبية الإلكترونية المعاصرة .
653 ## - INDEX TERM--UNCONTROLLED
Uncontrolled term محاسبة - اتخاذ القرار
700 ## - ADDED ENTRY--PERSONAL NAME
Personal name ج، سيمكن، سيارك
Relator term مؤلف ثانوي
942 ## - ADDED ENTRY ELEMENTS (KOHA)
Koha item type كتب
المقتنيات
Withdrawn status Lost status Source of classification or shelving scheme Damaged status Not for loan Home library Current library Date acquired Serial enumeration / chronology Inventory number Total checkouts Full call number Barcode Date last seen Price effective from Koha item type
    Dewey Decimal Classification   NOT LOAN / إعارة داخلية مكتبة كلية العلوم الإقتصادية والعلوم التجارية وعلوم التسيير مكتبة كلية العلوم الإقتصادية والعلوم التجارية وعلوم التسيير 07/05/2026 الطابق الأرضي 1420/1   أ/1420ن1 1420/1 07/05/2026 07/05/2026 كتب
    Dewey Decimal Classification   Available مكتبة كلية العلوم الإقتصادية والعلوم التجارية وعلوم التسيير مكتبة كلية العلوم الإقتصادية والعلوم التجارية وعلوم التسيير 07/05/2026 الطابق الأرضي 1420/2   أ/1420ن2 1420/2 07/05/2026 07/05/2026 كتب
    Dewey Decimal Classification   Available مكتبة كلية العلوم الإقتصادية والعلوم التجارية وعلوم التسيير مكتبة كلية العلوم الإقتصادية والعلوم التجارية وعلوم التسيير 07/05/2026 الطابق الأرضي 1420/3   أ/1420ن3 1420/3 07/05/2026 07/05/2026 كتب
    Dewey Decimal Classification   Available مكتبة كلية العلوم الإقتصادية والعلوم التجارية وعلوم التسيير مكتبة كلية العلوم الإقتصادية والعلوم التجارية وعلوم التسيير 07/05/2026 الطابق الأرضي 1420/4   أ/1420ن4 1420/4 07/05/2026 07/05/2026 كتب
    Dewey Decimal Classification   Available مكتبة كلية العلوم الإقتصادية والعلوم التجارية وعلوم التسيير مكتبة كلية العلوم الإقتصادية والعلوم التجارية وعلوم التسيير 07/05/2026 الطابق الثاني 1420/5   أ/1420ن5 1420/5 07/05/2026 07/05/2026 كتب
    Dewey Decimal Classification   Available مكتبة كلية العلوم الإقتصادية والعلوم التجارية وعلوم التسيير مكتبة كلية العلوم الإقتصادية والعلوم التجارية وعلوم التسيير 07/05/2026 الطابق الثاني 1420/6   أ/1420ن6 1420/6 07/05/2026 07/05/2026 كتب
    Dewey Decimal Classification   Available مكتبة كلية العلوم الإقتصادية والعلوم التجارية وعلوم التسيير مكتبة كلية العلوم الإقتصادية والعلوم التجارية وعلوم التسيير 07/05/2026 الطابق الثاني 1420/7   أ/1420ن7 1420/7 07/05/2026 07/05/2026 كتب

موارد الويب المفتوحة


© University of Algiers 3 All Rights Reserved
|
Implemented by LECHELAH Riad